| 000 | 01577cam a2200229 a 4500 | ||
|---|---|---|---|
| 999 |
_c7514 _d7514 |
||
| 003 | OSt | ||
| 005 | 20200312065032.0 | ||
| 008 | 090318s2010 nyua 000 0 eng | ||
| 020 | _a9781568988788 (alk. paper) | ||
| 040 |
_aDLC _cDLC _dYDX _dPMC _dCDX _dDLC |
||
| 082 | 0 | 0 |
_a720.23 _222 _bELI |
| 245 | 0 | 0 |
_aProvisional : _bemerging modes of architectural practice USA / _cedited by Elite Kedan, Jon Dreyfous, and Craig Mutter. |
| 246 | 3 | 0 | _aEmerging modes of architectural practice USA |
| 260 |
_aNew York : _bPrinceton Architectural Press, _cc2010. |
||
| 300 |
_a288 p. : _bill. (some col.) ; _c27 cm. |
||
| 505 | 0 | _aEssays. Beyond? / Marc Tsurumaki ; Convergence : toward a digital practice / Chris Hoxie ; The digital design ecosystem : toward a pre-rational architecture / Paul Seletsky -- Completed projects -- Interviews. Chris Hoxie ; Bruce Nichol of Front -- Diagrams -- Interviews. Paul Lewis, David Lewis, and Marc Tsurumaki of Lewis.Tsurumaki.Lewis ; Gregg Pasquarelli, Christopher Sharples, Coren Sharples, and William Sharples of SHOP -- Mock-ups and renderings -- Interviews. Meejin Yoon of MY Studio ; Dennis Shelden of Gehry Technologies ; David Erdman of Servo -- Construction documents -- Interviews. Eric Bunge and Mimi Hoang of nARCHITECTS ; George Yu of George Yu Architects -- Construction/assembly -- Essays. Spread out : the lateral philosophies of George Yu / Neil Denari ; Postscript. | |
| 650 | 0 |
_aArchitectural practice _zUnited States. |
|
| 700 | 1 | _aKedan, Elite. | |
| 700 | 1 |
_aDreyfous, Jon _q(F. Jonathan) |
|
| 700 | 1 | _aMutter, Craig. | |
| 942 | _2ddc | ||